Online
Catalog

Tuberous-rooted begonias and their culture / (Record no. 914)

MARC details
000 -CABECERA
campo de control de longitud fija 00517cam a22001811i 4500
001 - NÚMERO DE CONTROL
campo de control 000000923
005 - FECHA Y HORA DE LA ÚLTIMA TRANSACCIÓN
campo de control 20200929145436.0
008 - DATOS DE LONGITUD FIJA--INFORMACIÓN GENERAL
campo de control de longitud fija 761228s1947 nyua 001 0 eng
040 ## - FUENTE DE LA CATALOGACIÓN
Centro catalogador/agencia de origen DO-SdBNP
Lengua de catalogación spa
Centro/agencia transcriptor BNPHU
082 ## - NÚMERO DE LA CLASIFICACIÓN DECIMAL DEWEY
Número de clasificación xxxx
Número de documento/Ítem O89t, 1947
100 1# - ENTRADA PRINCIPAL--NOMBRE DE PERSONA
Nombre de persona Otten, George.
9 (RLIN) 3263
245 10 - MENCIÓN DE TÍTULO
Título Tuberous-rooted begonias and their culture /
Mención de responsabilidad, etc. George Otten.
250 ## - MENCIÓN DE EDICIÓN
Mención de edición 2a ed.
260 ## - PUBLICACIÓN, DISTRIBUCIÓN, ETC.
Lugar de publicación, distribución, etc. New York :
Nombre del editor, distribuidor, etc. A. T. De La Mare,
Fecha de publicación, distribución, etc. 1947.
300 ## - DESCRIPCIÓN FÍSICA
Extensión 88 p. :
Otras características físicas il. ;
Dimensiones 20 cm.
500 ## - NOTA GENERAL
Nota general Includes index.
650 #0 - PUNTO DE ACCESO ADICIONAL DE MATERIA--TÉRMINO DE MATERIA
Término de materia o nombre geográfico como elemento de entrada Begonias.
9 (RLIN) 3264
Holdings
Estado de retiro Estado de pérdida No para préstamo Código de colección Localización permanente Ubicación/localización actual Ubicación en estantería Fecha de adquisición Número de inventario Total de préstamos Signatura topográfica completa Código de barras Fecha visto por última vez Precio válido a partir de Tipo de ítem Koha
    Préstamo en sala Dominicana de Servicio Biblioteca Nacional Pedro Henríquez Ureña Biblioteca Nacional Pedro Henríquez Ureña En catalogación 12.06.2009 LF1   xxxx O89t, 1947 923-10 25.06.2020 25.06.2020 Libros y folletos

Powered by Koha